000
00294nam a2200121Ia 4500
008
190216s9999||||xx |||||||||||||| ||und||
100
_a
Subhash Sharma
245
0
_a
Hindi-Kabir:Kavitha Evam Samaaj
260
_b
Sahithya Samsad Pvt Ltd
_c
2008
300
_a
168
650
_a
Hindi
942
_c
BK
999
_c
16565
_d
16565